00366 a2200109 4500001000900000005001700009008004100026245008400067100001700151773007100168999001700239ART_550120260410161827.0260409a 10aCampo y horizonte de expectativas como determinantes de la politica económica1 aVoigt, Fritz0 tEstudios Económicosg- Vol. 1, Nº 1/2 (ene./dic. 1982)wREV5080 c22899d22899